• 首页
  • 本馆介绍
  • 公告通知
  • 最新文献
  • 馆藏检索
  • 电子资源
  • 读者导购
  • 参考咨询
  • 我的图书馆
  • 登录
  • 详细信息显示
  • 放入我的书架
  • 预约/预借图书
  • 作者相关作品
  • 分类相关作品
  • 丛书相关作品
  • 出版社相关作品

书目信息

  • 表格格式
  • 工作单格式
  • 卡片格式
题名:
秘境德宏
    
 
作者: 张建章 , 周灿 编著
分册:  
出版信息: 北京   中国旅游出版社  2015
页数: 218页
开本: 23cm
丛书名: 中国乡土影像
单 册:
中图分类: K928.974.2
科图分类:
主题词: 旅游指南--Lv You Zhi Nan--德宏傣族景颇族自治州
电子资源:
ISBN: 978-7-5032-5261-7
000 01080nam0 22002771 450
001 0122135117
005 20161122162904.04
010    @a978-7-5032-5261-7@dCNY49.00
100    @a20150430d2015 em y0chiy50 ea
101 0  @achi
102    @aCN@b110000
105    @aa z 000yy
106    @ar
200 1  @a秘境德宏@ABi Jing De Hong@e神奇的孔雀之乡@f张建章,周灿编著
210    @a北京@c中国旅游出版社@d2015
215    @a218页@c图,照片@d23cm
225 2  @a中国乡土影像@AZhong Guo Xiang Tu Ying Xiang
330    @a本书共十卷,内容包括:彩云之南的孔雀乡、吟诵贝叶经、瑞丽江使你魂牵梦萦、大盈江让你一见钟情、民族之花的诱惑、与众不同的宗教、难忘的跨国大节、迷人的乐舞、好吃好在的地方、到边地猎奇。
410  0 @12001 @a中国乡土影像
517 1  @a神奇的孔雀之乡@AShen Qi De Kong Que Zhi Xiang
606 0  @a旅游指南@ALv You Zhi Nan@y德宏傣族景颇族自治州
690    @aK928.974.2@v5
701  0 @c(白族)@a张建章@AZhang Jian Zhang@f(1950.2~)@4编著
701  0 @a周灿@AZhou Can@c(女,@f1972~)@4编著
801  0 @aCN@bTANGWEI@c20161118
905    @b0898716-20@dK928.974.2@e929@f5
    
    秘境德宏:神奇的孔雀之乡/张建章,周灿编著 .-北京:中国旅游出版社,2015
    218页:图,照片;23cm.-(中国乡土影像)
    
    
    ISBN 978-7-5032-5261-7:CNY49.00
    本书共十卷,内容包括:彩云之南的孔雀乡、吟诵贝叶经、瑞丽江使你魂牵梦萦、大盈江让你一见钟情、民族之花的诱惑、与众不同的宗教、难忘的跨国大节、迷人的乐舞、好吃好在的地方、到边地猎奇。
●
相关链接 在E读中查询图书 在五车中查询图书 在当当中查询图书 在豆瓣中查询图书


正题名:秘境德宏     索取号:K928.974.2/929         预约/预借

序号 登录号 条形码 馆藏地/架位号 状态 备注
1 0898716   208987168   第二样本阅览室/ [索取号:K928.974.2/929] 在馆    
2 0898717   208987177   第二借阅区/ [索取号:K928.974.2/929] 在馆    
3 0898718   208987186   第二借阅区/ [索取号:K928.974.2/929] 在馆    
4 0898719   208987195   第二借阅区/ [索取号:K928.974.2/929] 在馆    
5 0898720   208987202   第二借阅区/ [索取号:K928.974.2/929] 在馆    
唐山师范学院图书馆 欢迎您!
大连网信软件有限公司© 版权所有